Mommie dearest

Bibliographic Details
Main Author: Crawford, Christina
Format: Book
Published: Bath : Chivers Press , 1987

MARC

LEADER 00000cam a2200000 7i4500
001 0000000781
002 000000881
005 20000330.0
020 |a 0862205735 
090 0 0 |a F   |b CRA 
100 1 |a Crawford, Christina 
245 1 0 |a Mommie dearest   |c Christina Crawford 
260 |a Bath :   |b Chivers Press ,   |c 1987 
300 |a 282p. ;   |c 20cm. 
999 |a 030745   |b BUKU   |c PINJAMAN   |e PERPUSTAKAAN KOMUNITI PETALING JAYA